<?xml version="1.0" encoding="UTF-8"?>
<record
    xmlns:xsi="http://www.w3.org/2001/XMLSchema-instance"
    xsi:schemaLocation="http://www.loc.gov/MARC21/slim http://www.loc.gov/standards/marcxml/schema/MARC21slim.xsd"
    xmlns="http://www.loc.gov/MARC21/slim">

  <leader>00798nam a22002537a 4500</leader>
  <controlfield tag="003">BDDh-ASL</controlfield>
  <controlfield tag="005">20231015031012.0</controlfield>
  <controlfield tag="008">220914s        ii ||||| |||| 00| 0 urd d</controlfield>
  <datafield tag="040" ind1=" " ind2=" ">
    <subfield code="a">BDDh-ASL</subfield>
    <subfield code="c">BDDh-ASL</subfield>
  </datafield>
  <datafield tag="041" ind1=" " ind2=" ">
    <subfield code="a">urd</subfield>
  </datafield>
  <datafield tag="082" ind1=" " ind2=" ">
    <subfield code="a">297</subfield>
    <subfield code="b">ALR</subfield>
  </datafield>
  <datafield tag="100" ind1="1" ind2=" ">
    <subfield code="9">5353</subfield>
    <subfield code="a">Ali, Karamat </subfield>
  </datafield>
  <datafield tag="245" ind1="1" ind2="0">
    <subfield code="a">Rafiqus Salekin : / &#x631;&#x641;&#x64A;&#x642; &#x627;&#x644;&#x633;&#x627;&#x644;&#x6A9;&#x64A;&#x646; </subfield>
  </datafield>
  <datafield tag="246" ind1=" " ind2=" ">
    <subfield code="a">Tazkiyatun Niswan : / &#x62A;&#x632;&#x6A9;&#x64A;&#x6C3; &#x627;&#x644;&#x646;&#x633;&#x648;&#x627;&#x646; </subfield>
  </datafield>
  <datafield tag="246" ind1=" " ind2=" ">
    <subfield code="a">Fazle Mecca : / &#x641;&#x636;&#x644; &#x645;&#x6A9;&#x6C3; </subfield>
  </datafield>
  <datafield tag="246" ind1=" " ind2=" ">
    <subfield code="a">Behesht Nama : / &#x628;&#x6C1;&#x634;&#x62A; &#x646;&#x627;&#x645;&#x6C1; </subfield>
  </datafield>
  <datafield tag="246" ind1=" " ind2=" ">
    <subfield code="a">Tazkiyatul Aqaid : / &#x62A;&#x632;&#x6A9;&#x64A;&#x6C3; &#x627;&#x644;&#x639;&#x642;&#x627;&#x626;&#x62F; </subfield>
  </datafield>
  <datafield tag="246" ind1=" " ind2=" ">
    <subfield code="a">Miratul Haq : / &#x645;&#x631;&#x627;&#x6C3; &#x627;&#x644;&#x62D;&#x642; </subfield>
  </datafield>
  <datafield tag="246" ind1=" " ind2=" ">
    <subfield code="a">Raddul Bidat : / &#x631;&#x62F;&#x627;&#x644;&#x628;&#x62F;&#x639;&#x6C3; </subfield>
  </datafield>
  <datafield tag="260" ind1=" " ind2=" ">
    <subfield code="a">Kolkata : </subfield>
    <subfield code="b">Mazhari Press , </subfield>
  </datafield>
  <datafield tag="300" ind1=" " ind2=" ">
    <subfield code="a">48 p. :</subfield>
    <subfield code="c">22 cm. </subfield>
  </datafield>
  <datafield tag="650" ind1=" " ind2="0">
    <subfield code="9">1652</subfield>
    <subfield code="a">Islam </subfield>
  </datafield>
  <datafield tag="942" ind1=" " ind2=" ">
    <subfield code="2">ddc</subfield>
    <subfield code="c">BK</subfield>
  </datafield>
  <datafield tag="952" ind1=" " ind2=" ">
    <subfield code="0">0</subfield>
    <subfield code="1">0</subfield>
    <subfield code="2">ddc</subfield>
    <subfield code="4">0</subfield>
    <subfield code="7">1</subfield>
    <subfield code="8">NFIC</subfield>
    <subfield code="a">ASL</subfield>
    <subfield code="b">ASL</subfield>
    <subfield code="c">GEN</subfield>
    <subfield code="d">2022-09-14</subfield>
    <subfield code="e">ASB Collections</subfield>
    <subfield code="h">U-0822-A-F</subfield>
    <subfield code="l">0</subfield>
    <subfield code="o">297 ALR</subfield>
    <subfield code="p">117346</subfield>
    <subfield code="r">2022-09-14 00:00:00</subfield>
    <subfield code="t">C-1</subfield>
    <subfield code="w">2022-09-14</subfield>
    <subfield code="y">BK</subfield>
    <subfield code="z">Y-0000</subfield>
  </datafield>
  <datafield tag="999" ind1=" " ind2=" ">
    <subfield code="c">29161</subfield>
    <subfield code="d">29161</subfield>
  </datafield>
</record>
